00810nam a2200217 a 450000100100000000500170001000800410002702000150006804000250008308200190010810000370012724500860016426000360025030000340028650000210032065000380034165000420037991000370042195201170045899900170057500004383020201002045007.0140506s1997 sp ac 000 0 spa d a849221502X aDO-SdBNPbspacBNPHU a791.437bS211c1 aSánchez Martín, Pablo97168610aCasablanca :bguión original traducido y comentado /cPablo Sánchez Martín. aBarcelona :bFilm Ideal,c1997. a222 p. :bil.,retrs ;c22 cm. aIncluye índice 4aGuiones cinematográficos961986 4aCinexArgumentos,tramas,etc...946406 aValidado. Control de calidad MFF 001050718MOaGRbGRcHDd2014-05-06iLF1l0o791.437 S211cp43830-10r2020-06-25w2020-06-25y1ZNo se presta c43319d43319